00600nam a2200217Ia 450000500170000000800410001702000240005804000190008204100120010108200130011324500930012626000250021930000180024450400190026263000190028163000180030065000210031865100130033970000200035285000100037220231128103003.0131103s9999 xx 000 0 und d a340677929cGB 15.99 aLoreto College aEnglish a396bMAC aSpace,gender,knowledgeb Feminist readings cEdited by Linda McDowell and Joanne P Sharp aLondonbArnoldc1997 axi,468pb ill aIncludes index aGender Studies aWomen Studies aFeminist Studies aFeminism aMcdowell,Ian,ed aLCLIB